000
00305nam a22001337a 4500
008
180313b xxu||||| |||| 00| 0 eng d
020
_a
0309045940
041
_a
eng
080
_a
321
100
_a
20
101
_a
SHP
245
_a
Understanding and Preventing Violence
_c
Reiss, A.J
942
_2
udc
_c
BK
999
_c
44806
_d
44806